Cuba, educación y desarrollo sostenible/ (Registro nro. 111921)
[ vista simple ]
| 000 -LEADER | |
|---|---|
| campo de control de longitud fija | 01148nam a2200325 i 4500 |
| 001 - NÚMERO DE CONTROL | |
| campo de control | MOR01000112259 |
| 003 - IDENTIFICADOR DE NÚMERO DE CONTROL | |
| campo de control | $$amxcmmo |
| 005 - FECHA Y HORA DE LA ÚLTIMA TRANSACCIÓN | |
| campo de control | 20260331231332.0 |
| 008 - DATOS DE LONGITUD FIJA--INFORMACIÓN GENERAL | |
| campo de control de longitud fija | 240624e202306 cmmado g b 000 0 spa d |
| 020 ## - NÚMERO INTERNACIONAL ESTÁNDAR DEL LIBRO | |
| Número Internacional Estándar del Libro | 9786078935086 |
| 035 ## - NÚMERO DE CONTROL DEL SISTEMA | |
| Número de control de sistema | 240705 |
| 040 ## - FUENTE DE CATALOGACIÓN | |
| Centro catalogador/agencia de origen | mxcmmo |
| Lengua de catalogación | spa |
| Centro/agencia transcriptor | mxcmmo |
| Normas de descripción | rda |
| 041 0# - CÓDIGO DE IDIOMA | |
| Código de lengua del texto/banda sonora o título independiente | spa |
| 100 1# - ENTRADA PRINCIPAL--NOMBRE DE PERSONA | |
| Nombre de persona | Dalband, Hassan |
| Fechas asociadas al nombre | 1954- |
| Término indicativo de función/relación | autor |
| 9 (RLIN) | 203779 |
| 245 10 - MENCIÓN DEL TÍTULO | |
| Título | Cuba, educación y desarrollo sostenible/ |
| Mención de responsabilidad, etc. | Hassan Dolband ; prólogo C. Lesbia Cánovas Fabelo |
| 250 ## - MENCION DE EDICION | |
| Mención de edición | Primera edición, junio |
| 264 #1 - PRODUCCIÓN, PUBLICACIÓN, DISTRIBUCIÓN, FABRICACIÓN Y COPYRIGHT | |
| Producción, publicación, distribución, fabricación y copyright | Ciudad de México: |
| Nombre del de productor, editor, distribuidor, fabricante | Plaza y Valdés, |
| Fecha de producción, publicación, distribución, fabricación o copyright | 2023 |
| 300 ## - DESCRIPCIÓN FÍSICA | |
| Extensión | 193 páginas: |
| Otras características físicas | gráficas, un diagrama, fotografías en color; |
| Dimensiones | 23 cm |
| 336 ## - TIPO DE CONTENIDO | |
| Término de tipo de contenido | texto |
| Código de tipo de contenido | txt |
| Fuente | rdacontent |
| 337 ## - TIPO DE MEDIO | |
| Nombre/término del tipo de medio | sin medio |
| Código del tipo de medio | n |
| Fuente | rdamedia |
| 338 ## - TIPO DE SOPORTE | |
| Nombre/término del tipo de soporte | volumen |
| Código del tipo de soporte | nc |
| Fuente | rdacarrier |
| 504 ## - NOTA DE BIBLIOGRAFÍA, ETC. | |
| Nota de bibliografía, etc. Nota | Incluye referencias bibliográficas (páginas 167-193) |
| 541 0# - NOTA DE FUENTE DE ADQUISICIÓN DIRECTA | |
| Fuente de adquisición | Mtro. Jorge Castañeda Zavala |
| Forma de adquisición | Donación |
| 700 1# - ENTRADA AGREGADA--NOMBRE PERSONAL | |
| Nombre de persona | Cánovas Fabelo, C. Lesbia |
| Término indicativo de función/relación | prologuista |
| 9 (RLIN) | 203781 |
| 900 ## - ELEMENTOS DE DATOS A LOCAL, LDA (RLIN) | |
| Nombre de persona | CLUNA |
| Numeración | 30 |
| Títulos y otros términos asociados al nombre | 20240808 |
| Lenguaje de la obra | MOR01 |
| -- | 1001 |
| 900 ## - ELEMENTOS DE DATOS A LOCAL, LDA (RLIN) | |
| Nombre de persona | LUIS |
| Numeración | 20 |
| Títulos y otros términos asociados al nombre | 20240624 |
| Lenguaje de la obra | MOR01 |
| -- | 1402 |
| 900 ## - ELEMENTOS DE DATOS A LOCAL, LDA (RLIN) | |
| Nombre de persona | LUIS |
| Numeración | 20 |
| Títulos y otros términos asociados al nombre | 20240624 |
| Lenguaje de la obra | MOR01 |
| -- | 1402 |
| 904 ## - ELEMENTOS DE DATOS D LOCAL, LDD (RLIN) | |
| a | UPDATE |
| 942 ## - ELEMENTOS DE ENTRADA SECUNDARIOS (KOHA) | |
| Código de la institución [OBSOLETO] | BK |
| 901 ## - ELEMENTOS DE DATOS A LOCAL LDA (RLIN) | |
| a | batch batch |
No hay ítems disponibles.